A Szépművészeti Múzeum marketingkommunikációs tevékenységének elemzése

Bibliográfiai részletek
Szerző: Fülöp Krisztina
További közreműködők: Sasné Grósz Dr Annamária
Dokumentumtípus: Diplomadolgozat
Kulcsszavak:Marketing
Marketingkommunikáció
Kulturális marketing
Marketingstratégia
Környezetelemzés
Online Access:http://dolgozattar.uni-bge.hu/1796

MARC

LEADER 00000nta a2200000 i 4500
001 dolg1796
005 20150420145910.0
008 150330suuuu hu om 000 hun d
040 |a BGE Dolgozattár Repozitórium  |b hun 
041 |a hu 
100 1 |a Fülöp Krisztina 
245 1 2 |a A Szépművészeti Múzeum marketingkommunikációs tevékenységének elemzése  |c Fülöp Krisztina  |h [elektronikus dokumentum] 
695 |a Marketing  
695 |a Marketingkommunikáció 
695 |a Kulturális marketing 
695 |a Marketingstratégia 
695 |a Környezetelemzés 
700 1 |a Sasné Grósz Dr Annamária  |e ths 
856 4 0 |u http://dolgozattar.uni-bge.hu/1796/8/F%C3%BCl%C3%B6p%20Krisztina%20Sz%C3%A9pm%C5%B1v%C3%A9szeti%20M%C3%BAzeum.pdf  |z Dokumentum-elérés